LDR 01714nam a2200325 i 4500 001 000000053198 003 CaOOAMICUS 005 20260525100531.0 008 101012s1996 fr u100 u fre u 013 $a24370 020 $a2-8309-0813-9 040 $aSeMil$bita 111 2 $aCycle de théologie systématique des Facultés de théologie de Suisse romande$b<3.>.$0(OLS)http://semarc/name/26263 245 13$aLa théologie en postmodernité :$bactes du 3. cycle de théologie systématique des Facultés de théologie de Suisse romande /$cP. Gisel ... [et al.] ; édités par P. Gisel et Patrick Evrard. 260 $aGenève :$bLabor et Fides,$c1996. 300 $a490 p. ;$c23 cm. 490 0 $aLieux théologiques ;$v29 650 4$aTeologia e filosofia - Atti di congressi.$0(OLS)http://semarc/subject/60353 650 4$aPostmodernismo - Aspetti religiosi.$0(OLS)http://semarc/subject/49918 650 4$aTeologia - Sec. 20.-21. - Prospettive.$0(OLS)http://semarc/subject/44961 700 1 $aGisel, Pierre,$d<1947- >.$0(OLS)http://semarc/name/7106 700 1 $aEvrard, Patrick.$0(OLS)http://semarc/name/26264 830 0$aLieux théologiques ;$v29.$0(OLS)http://semarc/title/14837 850 $aSeMil 852 $aSeMil$W1$xVenegono$y1$m2B V 450$j272433$B19352$CSeMilBibl$Z2$F19354 $81 961 $aAcquisto: Distributore 996 $6020$a2-8309-0813-9$9(OLS)http://semarc/number/27791 996 $6245$aLa théologie en postmodernité :$bactes du 3. cycle de théologie systématique des Facultés de théologie de Suisse romande$9(OLS)http://semarc/title/81900 996 $6260$aGenève :$bLabor et Fides$9(OLS)http://semarc/publisher/31164